Эволюция следствия в России. Т. 2 (Запись № 13100631)

Подробности
000 -МАРКЕР
контрольное поле 01402nam2a2200277 4500
001 - ИДЕНТИФИКАТОР ЗАПИСИ
контрольное поле RU\NLR\BIBL_A\016344049
005 - ИДЕНТИФИКАТОР ВЕРСИИ
контрольное поле 20250625050836.0
010 ## - МЕЖДУНАРОДНЫЙ СТАНДАРТНЫЙ НОМЕР КНИГИ (ISBN)
Номер (ISBN) 978-5-238-03678-6
Уточнения т. 2
021 ## - НОМЕР ГОСУДАРСТВЕННОЙ РЕГИСТРАЦИИ
Код страны российская федерация
Номер 2023-15128
Номер Листа государственной регистраци КН-П-1506
035 ## - ДРУГИЕ СИСТЕМНЫЕ НОМЕРА
Идентификатор записи (RuMoRGB)011642824
035 ## - ДРУГИЕ СИСТЕМНЫЕ НОМЕРА
Идентификатор записи (NLR Aleph) 016344049
100 ## - ДАННЫЕ ОБЩЕЙ ОБРАБОТКИ
Данные общей обработки 20230414d2023 |||y0rusy50 ca
101 0# - ЯЗЫК РЕСУРСА
Язык текста, звукозаписи и т.д. русский
102 ## - СТРАНА ПУБЛИКАЦИИ ИЛИ ПРОИЗВОДСТВА
Страна публикации российская федерация
105 ## - ПОЛЕ КОДИРОВАННЫХ ДАННЫХ: ТЕКСТОВЫЕ МАТЕРИАЛЫ, МОНОГРАФИЧЕСКИЕ
Кодированные данные о монографическом текстовом документе y z 000zy
200 0# - ЗАГЛАВИЕ И СВЕДЕНИЯ ОБ ОТВЕТСТВЕННОСТИ
Основное заглавие Т. 2
210 ## - ПУБЛИКАЦИЯ, РАСПРОСТРАНЕНИЕ И ДР.
Дата издания, распространения и т.д. 2023
Место издания, распространения и т.д. Б. м.
215 ## - ФИЗИЧЕСКАЯ ХАРАКТЕРИСТИКА
Специфическое обозначение материала и объем 287 с.
461 #0 - УРОВЕНЬ НАБОРА
Встроенное поле 001RU\NLR\BIBL_A\016342161
-- 2001#$aЭволюция следствия в России$eсборник трудов 2020-2022 гг.$eв 2 томах$fА. И. Бастрыкин$vТ. 2
-- 700#1$aБастрыкин$bА. И.$cд-р юрид. наук$f1953-$gАлександр Иванович$3RU\NLR\AUTH\770173374
Системный номер (АБИС) связанной записи 13095197
Автор Бастрыкин, А. И. (д-р юрид. наук ; 1953-)
Место публикации Москва
Дата публикации 2023
Первые сведения об ответственности А. И. Бастрыкин
Имя издателя, распространителя и т.д. ЮНИТИ
Сведения, относящиеся к заглавию сборник трудов 2020-2022 гг. : в 2 томах
Заглавие Эволюция следствия в России
ISBN 9785238036762
Номер тома Т. 2
601 01 - НАИМЕНОВАНИЕ ОРГАНИЗАЦИИ КАК ПРЕДМЕТ
Начальный элемент ввода Российская Федерация
Структурное подразделение организации Следственный комитет
Формальный подзаголовок Сборники
Тематический подзаголовок Деятельность
Системный номер авторитетной/нормативной записи 2459930
Идентификатор авторитетной/нормативной записи RU\NLR\AUTH\6601679302
686 1# - ИНДЕКСЫ ДРУГИХ КЛАССИФИКАЦИЙ
Индекс Х629.14я43
942 ## - ДОПОЛНИТЕЛЬНЫЕ ЭЛЕМЕНТЫ ЗАПИСИ (АБИС)
Тип экземпляра АБИС Книга
980 ## - КОЛЛЕКЦИЯ
Название коллекции Национальная библиография
Экземпляры
Тип экземпляра Дата поступления Источник поступления Библиотека постоянного хранения Библиотека текущего хранения Место хранения Шифр хранения Штрих-код Статус не для выдачи
Книга 14.04.2023 Обязательный экземпляр РНБ (Московский) РНБ (Московский) Русский книжный фонд: издания с 1957 года, 8этаж, Хран. 2023-5/2948 1-4186196  
Книга 14.04.2023 Обязательный экземпляр РНБ (Московский) РНБ (Московский) Русский книжный фонд: издания с 1957 года, 8этаж, Хран. 2023-5/2948 1-4186197